Environmental education / (Record no. 15368)

MARC details
000 -LEADER
fixed length control field 01200nam a22002777a 4500
005 - DATE AND TIME OF LATEST TRANSACTION
control field 2008090307237.0
008 - FIXED-LENGTH DATA ELEMENTS--GENERAL INFORMATION
fixed length control field 080903t xxu||||| |||| 00| 0 eng d
010 ## - LIBRARY OF CONGRESS CONTROL NUMBER
LC control number ENG-90956-57
020 ## - INTERNATIONAL STANDARD BOOK NUMBER
International Standard Book Number 9788131304587 (for set)
Terms of availability 2195.00 (for 2 vols.)
035 ## - SYSTEM CONTROL NUMBER
System control number EN-74489-90
037 ## - SOURCE OF ACQUISITION
Source of stock number/acquisition DBAD / PUB
040 ## - CATALOGING SOURCE
Original cataloging agency DPL
Language of cataloging English
082 ## - DEWEY DECIMAL CLASSIFICATION NUMBER
Classification number 333.707
100 ## - MAIN ENTRY--PERSONAL NAME
Personal name Mohanka, Reena
245 ## - TITLE STATEMENT
Title Environmental education /
Statement of responsibility, etc by Reena Mohanka, Ananya Sen [and] M.P. Singh
260 ## - PUBLICATION, DISTRIBUTION, ETC. (IMPRINT)
Place of publication, distribution, etc New Delhi
Name of publisher, distributor, etc APH Publishing House
Date of publication, distribution, etc 2009
270 ## - ADDRESS
Address 4435-36/7, Ansari Raod, Darya Ganj,
City New Delhi
Postal code 110002
Telephone number 23274050
300 ## - PHYSICAL DESCRIPTION
Extent 2v (ix, 306p.; ix, 307-586p.):
Dimensions 23 cm (Hb)
Other physical details maps.; ill.
500 ## - GENERAL NOTE
General note Includes index
650 ## - SUBJECT ADDED ENTRY--TOPICAL TERM
Topical term or geographic name as entry element Environmental education
700 ## - ADDED ENTRY--PERSONAL NAME
Personal name Sen, Ananya
700 ## - ADDED ENTRY--PERSONAL NAME
Personal name Singh, M.P.
942 ## - ADDED ENTRY ELEMENTS (KOHA)
Source of classification or shelving scheme Dewey Decimal Classification
Koha item type English Books
Call number suffix MOH
Classification part 333.707
Holdings
Withdrawn status Lost status Materials specified (bound volume or other part) Damaged status Not for loan Collection code Home library Current library Date acquired Cost, normal purchase price Total Checkouts Full call number Barcode Date last seen Copy number Cost, replacement price Price effective from Koha item type Public note
    v.1   Not For Loan Non-fiction D.B.Act.Division D.B.Act.Division 08/09/2008 2195.00   333.707 MOH EN-74489 15/09/2008 1 2195.00 15/09/2008 English Books v.1
    v.2   Not For Loan Non-fiction D.B.Act.Division D.B.Act.Division 08/09/2008 2195.00   333.7 MOH EN-74490 15/09/2008 1 2195.00 15/09/2008 English Books v.2

© Delhi Public Library
Hit Counter
free hit counter